LIBRARY & INFORMATION CENTRE, KCAET, TAVANUR

ONLINE PUBLIC ACCESS CATALOGUE (OPAC)

Energy consumption in India: pattern and determinents / (Record no. 7414)

MARC details
000 -LEADER
fixed length control field 00506cam a2200193ua 4500
003 - CONTROL NUMBER IDENTIFIER
control field OSt
008 - FIXED-LENGTH DATA ELEMENTS--GENERAL INFORMATION
fixed length control field 241101b |||||||| |||| 00| 0 eng d
020 ## - INTERNATIONAL STANDARD BOOK NUMBER
ISBN 81-7100-212-9
041 ## - LANGUAGE CODE
Language code of text/sound track or separate title eng
082 ## - DEWEY DECIMAL CLASSIFICATION NUMBER
Classification number 621.47
Item number RAI/EN
100 ## - MAIN ENTRY--AUTHOR NAME
Personal name Raikhy, P S .
245 ## - TITLE STATEMENT
Title Energy consumption in India: pattern and determinents /
250 ## - EDITION STATEMENT
Edition statement 1 /
260 ## - PUBLICATION, DISTRIBUTION, ETC. (IMPRINT)
Place of publication Newdelhi :
Name of publisher Deep and deep publications ,
Year of publication 1990.
300 ## - PHYSICAL DESCRIPTION
Number of Pages 202 ; .
500 ## - GENERAL NOTE
General note *CSS
700 1# - ADDED ENTRY--PERSONAL NAME
Personal name Parminder, Singh .
942 ## - ADDED ENTRY ELEMENTS (KOHA)
Koha item type Books
Holdings
Withdrawn status Lost status Damaged status Home library Current library Shelving location Date acquired Full call number Accession Number Koha item type Cost, normal purchase price
      KAUAET KAUAET Shelf- 7A 07/04/2012 621.47 RAI/EN 17693 Books  
      KAUAET KAUAET Scheme 07/09/2018 621.0425 RAI/EN 19627 Book Bank scheme for SC students  
Withdrawn     KAUAET KAUAET   14/02/2025 621.47 RAI/EN 19628 Books 200.00
free website counter